Lecciones sobre el Syllabus

שמור ב:
מידע ביבליוגרפי
מחבר ראשי: Perujo, Aniceto Alonso (Author)
פורמט: ספר
שפה:ספרדית
יצא לאור: Valencia Pascual Aguilar 1894
מהדורה:2a. ed
נושאים:
תגים: הוספת תג
אין תגיות, היה/י הראשונ/ה לתייג את הרשומה!

MARC

LEADER 00000cam a2200000 a 4500
001 UCD1905
003 CL-VaPUC
008 160407e18940000sp |||||||||||||||||spa|d
082 0 4 |a 262.8  |b PER  |2 21 
100 0 |a Perujo, Aniceto Alonso  |e author  |9 585067 
245 1 0 |a Lecciones sobre el Syllabus 
250 |a 2a. ed 
300 |a t 
942 |c BK 
945 |d 20160407 22:05:00  |a dcastane 
260 |a Valencia  |b Pascual Aguilar  |c 1894 
600 0 |a Pío X  |9 433034 
650 7 |a PODER ECLESIASTICO  |2 CL-VaPUC  |9 400644 
650 0 |a Libertad de pensamiento  |9 376052 
650 0 |a Iglesia y Estado  |9 254995 
583 |a last modification  |c 20160407 22:05:00  |k Rodrigo Vera 
999 |c 363113  |d 363111 
952 |0 0  |1 0  |3 erd  |4 0  |6 262_800000000000000_PER_1894  |7 0  |8 X  |9 474891  |a BIBTEO  |b BIBTEO  |c TEO_FFR  |h t.1  |i 5279496  |o 262.8 PER 1894  |p 5279496  |r 2024-01-18  |w 2019-11-24  |y BK_X  |z Catalogado en:20160407  |k OFM 
952 |0 0  |1 0  |3 erd  |4 0  |6 262_800000000000000_PER_1894  |7 0  |8 X  |9 474892  |a BIBTEO  |b BIBTEO  |c TEO_FFR  |h t.2  |i 527950K  |o 262.8 PER 1894  |p 527950K  |r 2024-01-18  |w 2019-11-24  |y BK_X  |z Catalogado en:20160407  |k OFM